000
00323nam a2200157Ia 4500
100
_a
Stephen W.Hawking
650
_a
Fiction
942
_c
BK
366
_f
20
245
_a
Theory of everything
260
_b
Jaico Publishing House
_c
2008
082
_a
808.83/STE
300
_a
132
546
_a
ENGLISH
999
_c
30393
_d
30393